Broader Hong Kong commercial space masterplan embraces CBD2 development (Record no. 83832)

MARC details
000 -LEADER
fixed length control field 01240cad a22002055a 4500
001 - CONTROL NUMBER
control field L155202
008 - FIXED-LENGTH DATA ELEMENTS--GENERAL INFORMATION
fixed length control field 120309e2012 xxk 000 0 eng d
035 ## - SYSTEM CONTROL NUMBER
System control number (Sirsi) u155202
041 0# - LANGUAGE CODE
Language code of text/sound track or separate title eng
110 2# - MAIN ENTRY--CORPORATE NAME
Corporate name or jurisdiction name as entry element Jones Lang LaSalle
9 (RLIN) 3755
245 00 - TITLE STATEMENT
Title Broader Hong Kong commercial space masterplan embraces CBD2 development
Medium [electronic resource]
260 ## - PUBLICATION, DISTRIBUTION, ETC.
Place of publication, distribution, etc. Hong Kong
Name of publisher, distributor, etc. JLL
Date of publication, distribution, etc. 2012
490 ## - SERIES STATEMENT
Series statement Jones Lang LaSalle Advance Commercial Issues
Volume/sequential designation March 2012
520 ## - SUMMARY, ETC.
Summary, etc. The proposed transformation of Kowloon East into Hong Kong's next-generation Central Business District (CBD2) will be key to the continuing success of the city as a global financial centre, transforming Hong Kong's Grade A office market landscape. Covers CBD2, Hong Kong's future CBD extension; removing the connectivity barrier; facilitating the right developments; seamlessly integrating the medium and long term; preserving Hong Kong's commercial future; where it can happen, brownfield sites are key to our commercial future.
590 ## - LOCAL NOTE (RLIN)
Local note NTK KA
651 #4 - SUBJECT ADDED ENTRY--GEOGRAPHIC NAME
Geographic name Hong Kong
690 ## - LOCAL SUBJECT ADDED ENTRY--TOPICAL TERM (OCLC, RLIN)
Topical term or geographic name as entry element Commercial property
9 (RLIN) 6227
856 40 - ELECTRONIC LOCATION AND ACCESS
Uniform Resource Identifier <a href="https://www.joneslanglasalle.com.hk/HongKong/EN-GB/Pages/ResearchFilter.aspx">https://www.joneslanglasalle.com.hk/HongKong/EN-GB/Pages/ResearchFilter.aspx</a>
Public note View the report at www.joneslanglasalle.com.hk
942 ## - ADDED ENTRY ELEMENTS (KOHA)
Suppress in OPAC 0
Holdings
Withdrawn status Lost status Source of classification or shelving scheme Damaged status Not for loan Home library Current library Shelving location Date acquired Total Checkouts Full call number Barcode Date last seen Copy number Price effective from Koha item type
    Dewey Decimal Classification     Virtual Virtual Online 09/03/2012   ONLINE PUBLICATION 155202-2001 06/08/2019 1 06/08/2019 Book